ბათუმის შოთა რუსთაველის სახელმწიფო უნივერსიტეტის ბიბლიოთეკა

Rímske a Germánske umenie na Slovensku / (ბიბ.ჩანაწერი № 60546)

000 -LEADER
fixed length control field 00505nam a22001577a 4500
005 - DATE AND TIME OF LATEST TRANSACTION
control field 20230817124049.0
008 - FIXED-LENGTH DATA ELEMENTS--GENERAL INFORMATION
fixed length control field 230817s1984 gw ||||| |||| 00| 0 ger d
041 ## - LANGUAGE CODE
Language code of text/sound track or separate title ger
080 ## - UNIVERSAL DECIMAL CLASSIFICATION NUMBER
Universal Decimal Classification number 7 K-70
100 ## - MAIN ENTRY--PERSONAL NAME
Personal name Kolník, T.
9 (RLIN) 19687
245 ## - TITLE STATEMENT
Title Rímske a Germánske umenie na Slovensku /
Statement of responsibility, etc. T.Kolník.
264 ## - PRODUCTION, PUBLICATION, DISTRIBUTION, MANUFACTURE, AND COPYRIGHT NOTICE
Date of production, publication, distribution, manufacture, or copyright notice 1984.
300 ## - PHYSICAL DESCRIPTION
Extent 315 p. :
Other physical details ill. ;
Dimensions 35 cm.
653 ## - INDEX TERM--UNCONTROLLED
keyword რომაული და გერმანული ხელოვნება სლოვაკეთში
942 ## - ADDED ENTRY ELEMENTS (KOHA)
Source of classification or shelving scheme
Koha item type წიგნი
ეგზემპლარები
Withdrawn status Lost status Source of classification or shelving scheme Damaged status Not for loan Permanent Location Current Location Shelving location Date acquired Cost, normal purchase price Full call number Barcode Date last seen Copy number Uniform Resource Identifier Price effective from Koha item type Public note
          ბათუმის შოთა რუსთაველის სახელმწიფო უნივერსიტეტის მთავარი ბიბლიოთეკა ბათუმის შოთა რუსთაველის სახელმწიფო უნივერსიტეტის მთავარი ბიბლიოთეკა წიგნსაცავი 2023-08-17 15.00 7 K-70 65104 2023-08-17 65104 ბსუ-ს საპატიო დოქტორის გურამ ლორთქიფანიძის საჩუქარი 2023-08-17 წიგნი 15 ლ.